| 000 | 02445nam a2200277Ia 4500 | ||
|---|---|---|---|
| 999 |
_c37709 _d37709 |
||
| 001 | 3683 | ||
| 003 | GE_BSU | ||
| 005 | 20190626150445.0 | ||
| 008 | 181216s2009||||ge |||||||||||||| ||geo|| | ||
| 040 | _cGE_BSU | ||
| 041 | _ageo | ||
| 080 | _a327.5+342.7 ა–22 | ||
| 245 |
_aაგვისტოს ნანგრევებში : _bარასამთავრობო ორგანიზაციათა ანგარიში 2008 წლის აგვისტოს ომის დროს ადამიანის უფლებათა და ჰუმანიტარული სამართლის ნორმათა დარღვევის შესახებ / _cნაშრომის შექმნაში მონაწილეობდნენ: საქ. ახალგ. იურისტთა ასოციაცია, "კონსტიტუციის 42-ე მუხლი", ადამიანის უფლებათა ცენტრი, "21-ე საუკუნე", კონსტიტუციურ უფლებათა დაცვის ცენტრი ; თინათინ ხიდაშელის საერთო რედ. ; სტატისტიკა და ანალიზი: დავით მეტრეველი, ნოდარ კაპანაძე ; საერთაშ. კონსულტანტი ალექს უაიტინგი ; რედ. ანა ჭაბაშვილი. |
||
| 264 |
_aთბილისი, _c2009. |
||
| 300 |
_a234 გვ. _bილ. _c28 სმ. |
||
| 504 | _a ბიბლიოგრ. ტექსტ. შენიშვნ. და გვ. 207-210. | ||
| 653 | _aადამიანის უფლებები | ||
| 653 | _aქართულ-ოსური კონფლიქტები | ||
| 653 | _aქართველთა გენოციდი სამხრეთ ოსეთში | ||
| 700 |
_aხიდაშელი, თინათინ _eრედაქტორი _92960 |
||
| 700 |
_aჭაბაშვილი, ანა _eრედაქტორი _9995 |
||
| 700 |
_aმეტრეველი, დავით; _92961 |
||
| 700 |
_aკაპანაძე, ნოდარ; _92962 |
||
| 700 |
_aუაიტინგი, ალექს _eკონსულტანტი _92963 |
||
| 942 |
_cBK _2udc |
||